Statistics for LOTR: Rulers of Middle-Earth: Kings of Gondor

Click here to take the quiz!

General Stats

  • This quiz has been taken 26 times
  • The average score is 15 of 36

Answer Stats

Answer% Correct
35ElessarFirst High King of the Reunited Kingdom, male-line descendant of Isildur, female-line descendant of Anárion via his ancestor Fíriel
89%
2IsildurSon of #1 and co-ruler
89%
1Elendil 'the Tall'Reigned as High King of Gondor with his sons as co-rulers
84%
3AnárionSon of #1 and co-ruler
68%
14Eärnil INephew of #13
53%
33Eärnil IIDescendant of #29. Was crowned after a year of rule by the Steward Pelendur
53%
34EärnurLast King of Gondor. Reign of the Stewards begins
53%
16Hyarmendacil ILast of the Ship-kings
53%
25Hyarmendacil II
53%
4MeneldilSon of #3. First sole ruler of Gondor
47%
9Rómendacil I
47%
20Rómendacil II
47%
23Castamir 'the Usurper'Usurped the throne during the Kin-strife
42%
15Ciryandil
42%
36Eldarion
42%
13Tarannon FalasturFirst of the Ship-kings. Died childless
42%
6Eärendil
37%
22EldacarWon back the throne from #23 with aid from the Northmen and Dúnedain of Gondor
37%
32OndoherDied in battle with his two sons. His daughter Fíriel might have been ruling queen but was passed by
37%
12Siriondil
37%
10Turambar
37%
7Anardil
32%
11Atanatar I
32%
17Atanatar II Alcarin
32%
31Calimehtar
32%
19CalmacilYounger brother of #18
32%
5Cemendur
32%
18Narmacil ISecond childless king
32%
30Narmacil II
32%
8Ostoher
32%
28TarondorNephew of #27
32%
29Telumehtar 'Umbardacil'
32%
24AldamirSon of #22
26%
26Minardil
26%
21ValacarMarried Vidumavi, the daughter of Vidugavia
26%
27TelemnarDied in the Great Plague with all his children
21%

Score Distribution

Percentile by Number Answered

Percent of People with Each Score

Your Score History

You have not taken this quiz